Online katalóg knižníc regiónu Turca

Leto pre Johannu (Record no. 22475)

MARC details
000 -LEADER
fixed length control field 01195cam a2200349 a 4500
001 - CONTROL NUMBER
control field 22475
003 - CONTROL NUMBER IDENTIFIER
control field SK-KTurca
005 - DATE AND TIME OF LATEST TRANSACTION
control field 20260330140142.0
008 - FIXED-LENGTH DATA ELEMENTS--GENERAL INFORMATION
fixed length control field 240611s1995 xo c 0000f slo
015 ## - NATIONAL BIBLIOGRAPHY NUMBER
National bibliography number SNBA1995/05
020 ## - INTERNATIONAL STANDARD BOOK NUMBER
International Standard Book Number 8006005834
Qualifying information (viaz.)
035 ## - SYSTEM CONTROL NUMBER
System control number SNK000021372
040 ## - CATALOGING SOURCE
Original cataloging agency SNK
Language of cataloging slo
Transcribing agency SNK
Description conventions AACR2
041 1# - LANGUAGE CODE
Language code of text/sound track or separate title slo
Language code of original ger
044 ## - COUNTRY OF PUBLISHING/PRODUCING ENTITY CODE
MARC country code xo
ISO country code SK
072 #7 - SUBJECT CATEGORY CODE
Subject category code 821.112.2-3
Subject category code subdivision Nemecká próza, nemecky písaná
Source konspekt
080 ## - UNIVERSAL DECIMAL CLASSIFICATION NUMBER
Universal Decimal Classification number 821.112.2-31
Edition identifier 2001
100 1# - MAIN ENTRY--PERSONAL NAME
Personal name Thüminger, Rosmarie,
Dates associated with a name 1939-
Relationship aut
240 14 - UNIFORM TITLE
Uniform title Ein Sommer für Johanna
Language of a work Slovensky
245 10 - TITLE STATEMENT
Title Leto pre Johannu
Statement of responsibility, etc. Rosmarie Thümingerová ; z nemeckého originálu Ein Sommer für Johanna ... preložila Marta Ličková
250 ## - EDITION STATEMENT
Edition statement 1. vyd.
260 ## - PUBLICATION, DISTRIBUTION, ETC.
Place of publication, distribution, etc. Bratislava
Name of publisher, distributor, etc. Mladé letá
Date of publication, distribution, etc. [1995]
Place of manufacture Nitra
Manufacturer Nitrianske tlačiarne
300 ## - PHYSICAL DESCRIPTION
Extent 151 s.
Dimensions 21 cm
655 #7 - INDEX TERM--GENRE/FORM
Genre/form data or focus term nemecky písané romány
Source of term SNKPH
655 #7 - INDEX TERM--GENRE/FORM
Genre/form data or focus term dievčenské romány
Source of term SNKPH
655 #7 - INDEX TERM--GENRE/FORM
Genre/form data or focus term literatúra pre mládež
Source of term SNKPH
700 1# - ADDED ENTRY--PERSONAL NAME
Personal name Ličková, Marta,
Dates associated with a name 1926-
Relationship trl
700 1# - ADDED ENTRY--PERSONAL NAME
Personal name Mydlo, Svetozár,
Dates associated with a name 1948-2014
Relationship bjd
942 ## - ADDED ENTRY ELEMENTS (KOHA)
Source of classification or shelving scheme Dewey Decimal Classification
Koha item type Krásna literatúra pre dospelých
Suppress in OPAC No
Holdings
Stav vyradenia Strata Poškodenie Spôsob nadobudnutia Domovská knižnica Aktuálna knižnica Dátum nadobudnutia Total checkouts Čiarový kód exemplára Date last seen Typ exemplára
      Dar Obecná knižnica Horná Štubňa Obecná knižnica Horná Štubňa 30.03.2026   4736202040 30.03.2026 Krásna literatúra pre dospelých
Projekt je podporený Slovenskou asociáciou knižníc
Prevádzkuje Turčianska knižnica Martin 2026